<?xml version="1.0" encoding="UTF-8"?>
<record
    xmlns:xsi="http://www.w3.org/2001/XMLSchema-instance"
    xsi:schemaLocation="http://www.loc.gov/MARC21/slim http://www.loc.gov/standards/marcxml/schema/MARC21slim.xsd"
    xmlns="http://www.loc.gov/MARC21/slim">

  <leader>01003nam a22002537a 4500</leader>
  <controlfield tag="005">20140107112158.0</controlfield>
  <datafield tag="010" ind1=" " ind2=" ">
    <subfield code="a">B-497840-849 ENG-109034</subfield>
  </datafield>
  <datafield tag="020" ind1=" " ind2=" ">
    <subfield code="a">9788181820631</subfield>
    <subfield code="c">3600.00</subfield>
  </datafield>
  <datafield tag="035" ind1=" " ind2=" ">
    <subfield code="a">B-497840-849</subfield>
  </datafield>
  <datafield tag="037" ind1=" " ind2=" ">
    <subfield code="b">Star Pub/Ven</subfield>
  </datafield>
  <datafield tag="037" ind1=" " ind2=" ">
    <subfield code="a">DBAD/PUB</subfield>
  </datafield>
  <datafield tag="082" ind1=" " ind2=" ">
    <subfield code="a">623.1095415022</subfield>
  </datafield>
  <datafield tag="100" ind1=" " ind2=" ">
    <subfield code="a">Bande, Usha</subfield>
  </datafield>
  <datafield tag="245" ind1=" " ind2=" ">
    <subfield code="a">Forts and Palaces of Himachal Pradesh /</subfield>
    <subfield code="c">by Usha Bande [and] Him Chatterjee</subfield>
  </datafield>
  <datafield tag="260" ind1=" " ind2=" ">
    <subfield code="a">Jaipur</subfield>
    <subfield code="b">Literary Circle</subfield>
    <subfield code="c">2011</subfield>
  </datafield>
  <datafield tag="270" ind1=" " ind2=" ">
    <subfield code="a">C-12/13, First Floor, Opp.Khandelwal Girls College, S.C.Road, </subfield>
    <subfield code="b">Jaipur</subfield>
    <subfield code="e">302001</subfield>
  </datafield>
  <datafield tag="300" ind1=" " ind2=" ">
    <subfield code="a">178, [1] p.</subfield>
    <subfield code="b">ill. (chiefly col.), col. maps</subfield>
    <subfield code="c">29cm(Hb)</subfield>
  </datafield>
  <datafield tag="500" ind1=" " ind2=" ">
    <subfield code="a"> Includes bibliographical references (p. [179]).</subfield>
  </datafield>
  <datafield tag="650" ind1=" " ind2=" ">
    <subfield code="a"> Fortification</subfield>
    <subfield code="z">India </subfield>
    <subfield code="z"> Himachal Pradesh.</subfield>
  </datafield>
  <datafield tag="650" ind1=" " ind2=" ">
    <subfield code="a">Palaces </subfield>
    <subfield code="z">India</subfield>
    <subfield code="z">Himachal Pradesh.</subfield>
  </datafield>
  <datafield tag="700" ind1=" " ind2=" ">
    <subfield code="d">Chatterjee, Him</subfield>
  </datafield>
  <datafield tag="942" ind1=" " ind2=" ">
    <subfield code="2">ddc</subfield>
    <subfield code="c">EN</subfield>
    <subfield code="m">BAN</subfield>
    <subfield code="h">623.1095415022</subfield>
  </datafield>
  <datafield tag="999" ind1=" " ind2=" ">
    <subfield code="c">74200</subfield>
    <subfield code="d">74200</subfield>
  </datafield>
  <datafield tag="952" ind1=" " ind2=" ">
    <subfield code="0">0</subfield>
    <subfield code="1">0</subfield>
    <subfield code="4">0</subfield>
    <subfield code="7">1</subfield>
    <subfield code="8">REF</subfield>
    <subfield code="a">L</subfield>
    <subfield code="b">L</subfield>
    <subfield code="d">2013-06-07</subfield>
    <subfield code="e">Star Publications/2449/14.3.2013/179/08.03.2013/15.03.2013</subfield>
    <subfield code="g">3600.00</subfield>
    <subfield code="l">0</subfield>
    <subfield code="o">623.1095415022 BAN</subfield>
    <subfield code="p">B-497840</subfield>
    <subfield code="r">2013-06-07 00:00:00</subfield>
    <subfield code="t">1</subfield>
    <subfield code="v">3600.00</subfield>
    <subfield code="w">2013-06-07</subfield>
    <subfield code="y">EN</subfield>
  </datafield>
  <datafield tag="952" ind1=" " ind2=" ">
    <subfield code="0">0</subfield>
    <subfield code="1">0</subfield>
    <subfield code="4">0</subfield>
    <subfield code="7">1</subfield>
    <subfield code="8">REF</subfield>
    <subfield code="a">BL1</subfield>
    <subfield code="b">BL1</subfield>
    <subfield code="d">2013-06-07</subfield>
    <subfield code="e">Star Publications/2449/14.3.2013/179/08.03.2013/15.03.2013</subfield>
    <subfield code="g">3600.00</subfield>
    <subfield code="l">0</subfield>
    <subfield code="o">623.1095415022 BAN</subfield>
    <subfield code="p">B-497841</subfield>
    <subfield code="r">2013-06-07 00:00:00</subfield>
    <subfield code="t">1</subfield>
    <subfield code="v">3600.00</subfield>
    <subfield code="y">EN</subfield>
  </datafield>
  <datafield tag="952" ind1=" " ind2=" ">
    <subfield code="0">0</subfield>
    <subfield code="1">0</subfield>
    <subfield code="4">0</subfield>
    <subfield code="7">1</subfield>
    <subfield code="8">REF</subfield>
    <subfield code="a">KGM</subfield>
    <subfield code="b">KGM</subfield>
    <subfield code="d">2013-06-07</subfield>
    <subfield code="e">Star Publications/2449/14.3.2013/179/08.03.2013/15.03.2013</subfield>
    <subfield code="g">3600.00</subfield>
    <subfield code="l">0</subfield>
    <subfield code="o">623.1095415022 BAN</subfield>
    <subfield code="p">B-497842</subfield>
    <subfield code="r">2013-06-07 00:00:00</subfield>
    <subfield code="t">1</subfield>
    <subfield code="v">3600.00</subfield>
    <subfield code="y">EN</subfield>
  </datafield>
  <datafield tag="952" ind1=" " ind2=" ">
    <subfield code="0">0</subfield>
    <subfield code="1">0</subfield>
    <subfield code="4">0</subfield>
    <subfield code="7">1</subfield>
    <subfield code="8">REF</subfield>
    <subfield code="a">PR</subfield>
    <subfield code="b">PR</subfield>
    <subfield code="d">2013-06-07</subfield>
    <subfield code="e">Star Publications/2449/14.3.2013/179/08.03.2013/15.03.2013</subfield>
    <subfield code="g">3600.00</subfield>
    <subfield code="l">0</subfield>
    <subfield code="o">623.1095415022 BAN</subfield>
    <subfield code="p">B-497843</subfield>
    <subfield code="r">2013-06-07 00:00:00</subfield>
    <subfield code="t">1</subfield>
    <subfield code="v">3600.00</subfield>
    <subfield code="y">EN</subfield>
  </datafield>
  <datafield tag="952" ind1=" " ind2=" ">
    <subfield code="0">0</subfield>
    <subfield code="1">0</subfield>
    <subfield code="4">0</subfield>
    <subfield code="7">1</subfield>
    <subfield code="8">REF</subfield>
    <subfield code="a">TN</subfield>
    <subfield code="b">TN</subfield>
    <subfield code="d">2013-06-07</subfield>
    <subfield code="e">Star Publications/2449/14.3.2013/179/08.03.2013/15.03.2013</subfield>
    <subfield code="g">3600.00</subfield>
    <subfield code="l">0</subfield>
    <subfield code="o">623.1095415022 BAN</subfield>
    <subfield code="p">B-497844</subfield>
    <subfield code="r">2013-06-07 00:00:00</subfield>
    <subfield code="t">1</subfield>
    <subfield code="v">3600.00</subfield>
    <subfield code="y">EN</subfield>
  </datafield>
  <datafield tag="952" ind1=" " ind2=" ">
    <subfield code="0">0</subfield>
    <subfield code="1">0</subfield>
    <subfield code="4">0</subfield>
    <subfield code="7">1</subfield>
    <subfield code="8">REF</subfield>
    <subfield code="a">JP</subfield>
    <subfield code="b">JP</subfield>
    <subfield code="d">2013-06-07</subfield>
    <subfield code="e">Star Publications/2449/14.3.2013/179/08.03.2013/15.03.2013</subfield>
    <subfield code="g">3600.00</subfield>
    <subfield code="l">0</subfield>
    <subfield code="o">623.1095415022 BAN</subfield>
    <subfield code="p">B-497845</subfield>
    <subfield code="r">2015-02-05 00:00:00</subfield>
    <subfield code="t">1</subfield>
    <subfield code="v">3600.00</subfield>
    <subfield code="y">EN</subfield>
  </datafield>
  <datafield tag="952" ind1=" " ind2=" ">
    <subfield code="0">0</subfield>
    <subfield code="1">0</subfield>
    <subfield code="4">0</subfield>
    <subfield code="7">1</subfield>
    <subfield code="8">REF</subfield>
    <subfield code="a">BL3</subfield>
    <subfield code="b">BL3</subfield>
    <subfield code="d">2013-06-07</subfield>
    <subfield code="e">Star Publications/2449/14.3.2013/179/08.03.2013/15.03.2013</subfield>
    <subfield code="g">3600.00</subfield>
    <subfield code="l">0</subfield>
    <subfield code="o">623.1095415022 BAN</subfield>
    <subfield code="p">B-497846</subfield>
    <subfield code="r">2013-06-07 00:00:00</subfield>
    <subfield code="t">1</subfield>
    <subfield code="v">3600.00</subfield>
    <subfield code="y">EN</subfield>
  </datafield>
  <datafield tag="952" ind1=" " ind2=" ">
    <subfield code="0">0</subfield>
    <subfield code="1">0</subfield>
    <subfield code="4">0</subfield>
    <subfield code="7">1</subfield>
    <subfield code="8">REF</subfield>
    <subfield code="a">NR</subfield>
    <subfield code="b">NR</subfield>
    <subfield code="d">2013-06-07</subfield>
    <subfield code="e">Star Publications/2449/14.3.2013/179/08.03.2013/15.03.2013</subfield>
    <subfield code="g">3600.00</subfield>
    <subfield code="l">0</subfield>
    <subfield code="o">623.1095415022 BAN</subfield>
    <subfield code="p">B-497847</subfield>
    <subfield code="r">2013-06-07 00:00:00</subfield>
    <subfield code="t">1</subfield>
    <subfield code="v">3600.00</subfield>
    <subfield code="y">EN</subfield>
  </datafield>
  <datafield tag="952" ind1=" " ind2=" ">
    <subfield code="0">0</subfield>
    <subfield code="1">0</subfield>
    <subfield code="4">0</subfield>
    <subfield code="7">1</subfield>
    <subfield code="8">REF</subfield>
    <subfield code="a">BN</subfield>
    <subfield code="b">BN</subfield>
    <subfield code="d">2013-06-07</subfield>
    <subfield code="e">Star Publications/2449/14.3.2013/179/08.03.2013/15.03.2013</subfield>
    <subfield code="g">3600.00</subfield>
    <subfield code="l">0</subfield>
    <subfield code="o">623.1095415022 BAN</subfield>
    <subfield code="p">B-497848</subfield>
    <subfield code="r">2013-06-07 00:00:00</subfield>
    <subfield code="t">1</subfield>
    <subfield code="v">3600.00</subfield>
    <subfield code="y">EN</subfield>
  </datafield>
  <datafield tag="952" ind1=" " ind2=" ">
    <subfield code="0">0</subfield>
    <subfield code="1">0</subfield>
    <subfield code="4">0</subfield>
    <subfield code="7">1</subfield>
    <subfield code="8">REF</subfield>
    <subfield code="a">BL4</subfield>
    <subfield code="b">BL4</subfield>
    <subfield code="d">2013-06-07</subfield>
    <subfield code="e">Star Publications/2449/14.3.2013/179/08.03.2013/15.03.2013</subfield>
    <subfield code="g">3600.00</subfield>
    <subfield code="l">0</subfield>
    <subfield code="o">623.1095415022 BAN</subfield>
    <subfield code="p">B-497849</subfield>
    <subfield code="r">2013-06-07 00:00:00</subfield>
    <subfield code="t">1</subfield>
    <subfield code="v">3600.00</subfield>
    <subfield code="y">EN</subfield>
  </datafield>
  <datafield tag="952" ind1=" " ind2=" ">
    <subfield code="0">0</subfield>
    <subfield code="1">0</subfield>
    <subfield code="4">0</subfield>
    <subfield code="7">1</subfield>
    <subfield code="8">NFIC</subfield>
    <subfield code="a">DBAD</subfield>
    <subfield code="b">DBAD</subfield>
    <subfield code="d">2014-01-07</subfield>
    <subfield code="e">DBAD/PUB</subfield>
    <subfield code="g">3600.00</subfield>
    <subfield code="l">0</subfield>
    <subfield code="o">623.1095415022 BAN</subfield>
    <subfield code="p">EN-92567</subfield>
    <subfield code="r">2014-01-07 00:00:00</subfield>
    <subfield code="t">1</subfield>
    <subfield code="v">3600.00</subfield>
    <subfield code="w">2014-01-07</subfield>
    <subfield code="y">EN</subfield>
  </datafield>
</record>
